Moments crucials de la història de Catalunya / (Record no. 186054)
[ view plain ]
| 000 -LEADER | |
|---|---|
| campo de control de longitud fija | 00766nam a2200193 i 4500 |
| 001 - NÚMERO DE CONTROL | |
| campo de control | 186054 |
| 003 - IDENTIFICADOR DE NÚMERO DE CONTROL | |
| campo de control | ES-MaACL |
| 005 - FECHA Y HORA DE LA ÚLTIMA TRANSACCIÓN | |
| campo de control | 20230906222555.0 |
| 008 - DATOS DE LONGITUD FIJA--INFORMACIÓN GENERAL | |
| campo de control de longitud fija | 160906s1962 sp |||| | cat d |
| 245 00 - MENCIÓN DEL TÍTULO | |
| Título | Moments crucials de la història de Catalunya / |
| Mención de responsabilidad, etc. | per Ramon d'Abadal, Jordi Rubió, Ferran Soldevila, Miquel Tarradell, Jaume Vicens i Vives ; amb una introducció de Ramon d'Abadal. |
| 260 ## - PUBLICACIÓN, DISTRIBUCIÓN, ETC. | |
| Lugar de publicación, distribución, etc. | Barcelona : |
| Nombre del editor, distribuidor, etc. | Vicens-Vives, |
| Fecha de publicación, distribución, etc. | 1962. |
| 300 ## - DESCRIPCIÓN FÍSICA | |
| Extensión | XXXIX, 327 p. : |
| Otras características físicas | il. ; |
| Dimensiones | 21 cm. |
| 490 1# - MENCIÓN DE SERIE | |
| Mención de serie | Biografies catalanes. Sèrie Assaigs ; |
| Designación de volumen o secuencia | 1 |
| 651 #4 - PUNTO DE ACCESO ADICIONAL DE MATERIA--NOMBRE GEOGRÁFICO | |
| Nombre geográfico | Cataluña- |
| Subdivisión general | Historia. |
| 9 (RLIN) | 8013 |
| 700 1# - ENTRADA AGREGADA--NOMBRE PERSONAL | |
| Nombre de persona | Abadal, Ramon d', |
| Fechas asociadas al nombre | 1888-1970 |
| 9 (RLIN) | 17945 |
| 830 0# - PUNTO DE ACCESO ADICIONAL DE SERIE-TÍTULO UNIFORME | |
| Título uniforme | Biografies catalanes. Sèrie Assaigs ; |
| Designación de volumen o secuencia | 1 |
| 9 (RLIN) | 192477 |
| 852 ## - LOCALIZACIÓN | |
| Ubicación | ES-MaACL |
| Número de control de estantería | E-4821 |
| Estatus retirado | Estado de pérdida | Estado de daño | No para préstamo | Biblioteca de origen | Biblioteca actual | Ubicación en estantería | Fecha de adquisición | Fuente de adquisición | Total de préstamos | Signatura topográfica completa | Código de barras | Visto por última vez | Precio de reemplazo | Tipo de ítem Koha |
|---|---|---|---|---|---|---|---|---|---|---|---|---|---|---|
| Biblioteca del Ateneo de Madrid | Biblioteca del Ateneo de Madrid | Depósito 2 | 06/09/2016 | E-4821 | 1196149 | 23/02/2023 | 23/02/2023 | Libro impreso |
